000 00377nam a2200133 i 4500
001 96017
003 ES-MaACL
007 t|
008 050609s1901 sp ||||1| spa d
100 1 _aMadariaga, Rogelio de.
_975291
245 1 4 _aLos cambios y el pago en oro de los derechos de Aduanas /
_cR. Madariaga.
260 _aMadrid :
_bRomero,
_c1901.
852 _aES-MaACL
_jT-986-F-3
999 _c96017
_d96017